Statistics for First 200 Words of Harry Potter and the Sorcerer's Stone

Click here to take the quiz!

General Stats

  • This quiz has been taken 7,459 times
  • The average score is 110 of 200

Answer Stats

% Correct
a
96%
the
93%
The
93%
and
82%
no
81%
Dursley,
79%
Dursley
79%
He
78%
he
78%
Drive
77%
They
75%
they
75%
to
75%
Privet
75%
was
74%
were
74%
you
74%
of
73%
so
72%
on
71%
in
71%
be
70%
Dudley
70%
Mr.
69%
Mrs.
68%
Potter
68%
she
67%
that
66%
four,
66%
normal,
65%
had
63%
very
63%
it
62%
it.
62%
number
62%
man
61%
son
61%
her
61%
much.
59%
much
59%
boy
59%
thank
57%
have
57%
for-
56%
thin
56%
for
56%
say
56%
sister,
55%
sister
55%
did
55%
there
54%
or
53%
Dursleys
52%
their
52%
Dursley's
52%
but
51%
perfectly
50%
with
50%
as
49%
as...
49%
big,
49%
called
49%
would
48%
people
47%
could
46%
didn't
46%
any
46%
proud
46%
husband
45%
large
44%
if
44%
neck,
44%
mustache.
43%
which
43%
out
43%
neighbors.
43%
time
42%
small
42%
good-
41%
nothing
39%
because
38%
made
38%
drills.
38%
secret,
38%
over
37%
think
36%
strange
36%
about
36%
also
35%
Grunnings,
34%
last
34%
fact,
33%
firm
33%
spying
33%
wanted,
33%
anything
32%
spent
32%
found
32%
came
32%
fear
31%
anyone
31%
Potters.
31%
hardly
31%
just
31%
opinion
31%
pretended
31%
everything
31%
garden
30%
years;
30%
hadn't
29%
director
29%
useful
29%
involved
29%
although
28%
expect
28%
bear
27%
such
27%
usual
27%
greatest
27%
you'd
26%
twice
26%
discover
26%
finer
26%
fences,
26%
amount
26%
blonde
26%
nonsense.
25%
beefy
25%
somebody
24%
anywhere.
24%
met
23%
craning
23%
several
22%
hold
22%
nearly
22%
mysterious,
21%

Score Distribution

Percentile by Number Answered

Percent of People with Each Score

Your Score History

You have not taken this quiz